| 000 | 00371nam a2200145Ia 4500 | ||
|---|---|---|---|
| 008 | 230711s9999||||xx |||||||||||||| ||und|| | ||
| 041 | _aENG | ||
| 082 |
_a671 _bMA-H |
||
| 100 | _aMaitra,G.M | ||
| 245 | 0 | _aHandbook of mechanical design | |
| 250 | _a2nd | ||
| 260 |
_c1985 _aNew Delhi _bTata McGraw Hill Education Limited |
||
| 650 | _aMechanical Engineering | ||
| 942 | _cBK | ||
| 999 |
_c1137 _d1137 |
||